Emerging nanomaterials for catalysis and sensor applications (Record no. 44006)

MARC details
001 - CONTROL NUMBER
control field 0000
003 - CONTROL NUMBER IDENTIFIER
control field 000
005 - DATE AND TIME OF LATEST TRANSACTION
control field 20251119130421.0
020 ## - INTERNATIONAL STANDARD BOOK NUMBER
International Standard Book Number 9781032111728
040 ## - CATALOGING SOURCE
Description conventions rda
050 ## - LIBRARY OF CONGRESS CALL NUMBER
Classification number T 174.7 .E44
100 ## - MAIN ENTRY--PERSONAL NAME
Personal name Varghese, Anitha (editor)
245 ## - TITLE STATEMENT
Title Emerging nanomaterials for catalysis and sensor applications
Statement of responsibility, etc Anitha Varghese and Gurumurthy Hegde
264 ## - PUBLICATION, DISTRIBUTION, ETC. (IMPRINT)
Place of publication, distribution, etc Boca Raton
Name of publisher, distributor, etc CRC Press
Date of publication, distribution, etc 2023
300 ## - PHYSICAL DESCRIPTION
Extent x, 289p. ill.
336 ## - CONTENT TYPE
Source rdacontent
338 ## - CARRIER TYPE
Source rdacarrier
490 ## - SERIES STATEMENT
Series statement Emerging Materials and Technologies
504 ## - BIBLIOGRAPHY, ETC. NOTE
Bibliography, etc Includes bibliograhical references and index
650 ## - SUBJECT ADDED ENTRY--TOPICAL TERM
Topical term or geographic name as entry element Nanostructured materials.
Form subdivision
General subdivision Catalysis.
651 ## - SUBJECT ADDED ENTRY--GEOGRAPHIC NAME
Form subdivision Nanocatalysts.
General subdivision
942 ## - ADDED ENTRY ELEMENTS (KOHA)
Source of classification or shelving scheme Library of Congress Classification
Koha item type Books
Holdings
Withdrawn status Lost status Source of classification or shelving scheme Damaged status Not for loan Permanent Location Current Location Date acquired Total Checkouts Full call number Barcode Date last seen Price effective from Koha item type
    Library of Congress Classification     NILE UNIVERSITY OF NIGERIA - MAIN LIBRARY NILE UNIVERSITY OF NIGERIA - MAIN LIBRARY 11/19/2025   T 174.7 .E44 2023 0199438 11/19/2025 11/19/2025 Books